RECLAIMING THE CURRICULUM (Record no. 216417)

MARC details
000 -LEADER
fixed length control field 00541nam a22001697a 4500
008 - FIXED-LENGTH DATA ELEMENTS--GENERAL INFORMATION
fixed length control field 260107b |||||||| |||| 00| 0 eng d
020 ## - INTERNATIONAL STANDARD BOOK NUMBER
International Standard Book Number 978-178583306-9
050 ## - LIBRARY OF CONGRESS CALL NUMBER
Classification number LB 1062.L33 2018
100 ## - MAIN ENTRY--PERSONAL NAME
Personal name LAAR BILL
245 ## - TITLE STATEMENT
Title RECLAIMING THE CURRICULUM
Remainder of title SPECIALIST AND CREATIVE TEACHING IN PRIMARY SCHOOLS
260 ## - PUBLICATION, DISTRIBUTION, ETC.
Place of publication, distribution, etc. UNITED KINGDOM
Name of publisher, distributor, etc. CROWN HOUSE PUBLISHING
Date of publication, distribution, etc. 2018
300 ## - PHYSICAL DESCRIPTION
Extent X,291
650 ## - SUBJECT ADDED ENTRY
Topical term or geographic name entry element Creative ability in children-Creative thinking in children
700 ## - ADDED ENTRY--PERSONAL NAME
Personal name HOLDERNESS JACKIE
942 ## - ADDED ENTRY ELEMENTS (KOHA)
Source of classification or shelving scheme Library of Congress Classification
Koha item type Long Loan Book
Holdings
Withdrawn status Lost status Source of classification or shelving scheme Damaged status Not for loan Collection Home library Current library Shelving location Date acquired Inventory number Total checkouts Full call number Barcode Date last seen Copy number Price effective from Koha item type
    Library of Congress Classification     Arts & Social Sciences Kisii University Library Kisii University Library On Display 01/07/2026 110803   LB 1062.L33 2018 000000018484 01/07/2026 C.1 01/07/2026 Long Loan Book
    Library of Congress Classification     Arts & Social Sciences Kisii University Library Kisii University Library On Display 01/07/2026 110804   LB 1062.L33 2018 000000018485 01/07/2026 C.2 01/07/2026 Long Loan Book
    Library of Congress Classification     Arts & Social Sciences Kisii University Library Kisii University Library On Display 01/07/2026 110805   LB 1062.L33 2018 000000018486 01/07/2026 C.3 01/07/2026 Long Loan Book
    Library of Congress Classification     Arts & Social Sciences Kisii University Library Kisii University Library On Display 01/07/2026 110806   LB 1062.L33 2018 000000018487 01/07/2026 C.4 01/07/2026 Long Loan Book
    Library of Congress Classification     Arts & Social Sciences Kisii University Library Kisii University Library On Display 01/07/2026 110807   LB 1062.L33 2018 000000018488 01/07/2026 C.5 01/07/2026 Long Loan Book